Les coachs de The Voice Kids - Statistiques

Statistiques générales
  • Ce quiz a été pris 46 fois
  • Le résultat moyen est 32 sur 44
Statistiques - réponses
Saison Coach % Correct
Saison 5 - 2018 Amel Bent
82%
Saison 6 - 2019 Amel Bent
82%
Saison 1 - 2014 Jenifer
82%
Saison 2 - 2015 Jenifer
82%
Saison 3 - 2016 Jenifer
82%
Saison 4 - 2017 Jenifer
82%
Saison 5 - 2018 Jenifer
82%
Saison 6 - 2019 Jenifer
82%
Saison 7 - 2020 Jenifer
82%
Saison 2 - 2015 Patrick Fiori
82%
Saison 3 - 2016 Patrick Fiori
82%
Saison 4 - 2017 Patrick Fiori
82%
Saison 5 - 2018 Patrick Fiori
82%
Saison 6 - 2019 Patrick Fiori
82%
Saison 7 - 2020 Patrick Fiori
82%
Saison 8 - 2022 Patrick Fiori
82%
Saison 9 - 2023 Patrick Fiori
82%
Saison 10 - 2024 Patrick Fiori
82%
Saison 11 - 2025 Patrick Fiori
82%
Saison 12 - 2026 Patrick Fiori
82%
Saison 5 - 2018 Soprano
82%
Saison 6 - 2019 Soprano
82%
Saison 7 - 2020 Soprano
82%
Saison 11 - 2025 Soprano
82%
Saison 12 - 2026 Soprano
82%
Saison 1 - 2014 Garou
77%
Saison 3 - 2016 Matt Pokora
77%
Saison 4 - 2017 Matt Pokora
77%
Saison 11 - 2025 Matt Pokora
77%
Saison 12 - 2026 Matt Pokora
77%
Saison 7 - 2020 Kendji Girac
74%
Saison 8 - 2022 Kendji Girac
74%
Saison 9 - 2023 Kendji Girac
74%
Saison 1 - 2014 Louis Bertignac
64%
Saison 2 - 2015 Louis Bertignac
64%
Saison 9 - 2023 Slimane
59%
Saison 10 - 2024 Slimane
59%
Saison 8 - 2022 Louane
56%
Saison 11 - 2025 Santa
54%
Saison 12 - 2026 Santa
54%
Saison 10 - 2024 Lara Fabian
44%
Saison 10 - 2024 Claudio Capéo
41%
Saison 8 - 2022 Julien Doré
36%
Saison 9 - 2023 Nolwenn Leroy
31%
Aucun quiz correspondant
Distribution des résultats
% des personnes avec chaque résultat
Percentile par nombre de réponses
Votre historique - résultats
Vous n’avez pas pris ce quiz